000 00618cam a2200193 a 4500
001 000013012
005 20200929163125.0
008 750120s1965 pr 000 0 spa d
040 _aDO-SdBNP
_bspa
_cLC
_dBNPHU
082 _a305.2357295
_bR696e
100 1 _aRodríguez Bou, Ismael.
_930011
245 1 0 _aEsbozo de un tema :
_blas nuevas generaciones en Puerto Rico /
_cIsmael Rodríguz Bou.
260 _aSan Juan, Puerto Rico :,
_c1965.
300 _a146 p. ;
_c23 cm.
504 _aBibliografía: p. 141-146.
650 4 _aJuventud
_zPuerto Rico
_930012
910 _aCatalogación por copia / LC
049 _aBNGR
999 _c12659
_d12659